02108nam a2200349 i 4500001001000000003000900010005001700019007000300036008004100039020001800080040003000098082000700128100005000135245025800185260011900443300005000562500005700612500007300669504003200742590002600774700004800800700005600848710012500904910001501029942001401044952016501058952013401223952013401357952012201491952012801613999001701741000045449DO-SdBNP20231009120024.0ta150325s2015 dr abc 000 0 spa d a9789945082128 aDO-SdBNPbspacBNPHUerda 42221 aPuello Nina, Rafael Bienvenido,d1952-97350513aLa frontera dominico-haitiana :bun espacio para la humanización y el desarrollo sostenible el caso Macasías, provincia Elías Piña /cRafael Bienvenido Puello Nina ; edición Héctor Luis Martínez ; presentación Bolívar Troncoso Morales. aSanto Domingo :bSección Nacional Dominicana del Instituto Panamericano de Geografía e Historia,bBuho,c2015. a286 páginas :bil., mapas, retrs. ;c23 cm. aIncluye datos biográficos del autor en las solapas aIncluye referencias bibliográficas y notas al pie de las páginas aBibliografía : p. 161-169 aInventariado, 2023/BT1 aMartínez, Héctor Luis,eedición995801 aTroncoso Morales, Bolívar,epresentación9109222 aSección Nacional Dominicana del Instituto Panamericano de Geografía e Historia (IPGH), República Dominicana973506 aBtavárez 2ddccLBS1 00102ddc56708DSaBNPHUbBNPHUcHDd2015-06-05eDonado por Célida Alvárezl0oBNPHU DS p45449-30r2020-06-25te. 3w2020-06-25yLBS1ZPréstamo en sala 00102ddc56708DSaBNPHUbBNPHUcHDd2015-06-05l0oBNPHU DS p45449-40r2020-06-25te. 4w2020-06-25yLBS1ZPréstamo en sala 00102ddc56708DSaBNPHUbBNPHUcMId2015-06-05l0oBNPHU DS p45449-50r2020-06-25te. 5w2020-06-25yLBS1ZPréstamo en sala 00102ddc51708PDaBNPHUbBNPHUcHDd2015-03-25l0oBNPHU PD p45449-10r2020-06-25w2020-06-25yLBS1ZNo se presta 00102ddc51708PDaBNPHUbBNPHUcHDd2015-03-25l0oBNPHU PD p45449-20r2020-06-25te. 2w2020-06-25yLBS1ZNo se presta c44938d44938